What the Buddha never taught (Record no. 8971)
[ view plain ]
| 000 -LEADER | |
|---|---|
| fixed length control field | 00478nam a22001457a 4500 |
| 008 - FIXED-LENGTH DATA ELEMENTS--GENERAL INFORMATION | |
| fixed length control field | 220520b |||||||| |||| 00| 0 eng d |
| 020 ## - INTERNATIONAL STANDARD BOOK NUMBER | |
| International Standard Book Number | 9789351212553 |
| 082 ## - DEWEY DECIMAL CLASSIFICATION NUMBER | |
| Classification number | 294.3 WAR 2014 |
| 100 ## - MAIN ENTRY--PERSONAL NAME | |
| Personal name | Ward, Tim |
| 245 ## - TITLE STATEMENT | |
| Title | What the Buddha never taught |
| 260 ## - PUBLICATION, DISTRIBUTION, ETC. | |
| Place of publication, distribution, etc. | India : |
| Name of publisher, distributor, etc. | BPI India PVT ltd |
| Date of publication, distribution, etc. | 2014. |
| 300 ## - PHYSICAL DESCRIPTION | |
| Extent | xix, 300 p. |
| Other physical details | 22 cm. |
| 650 ## - SUBJECT ADDED ENTRY--TOPICAL TERM | |
| Topical term or geographic name entry element | Ward, Tim, 1958---Travel--Thailand. TheravÄda Buddhism--Thailand. Monastic and religious life (Buddhism)--Thailand. |
| 942 ## - Added entry Elements (Koha) | |
| Source of classification or shelving scheme | Dewey Decimal Classification |
| Withdrawn status | Lost status | Source of classification or shelving scheme | Damaged status | Not for loan | Collection code | Home library | Current library | Shelving location | Date acquired | Serial Enumeration / chronology | Total Checkouts | Total Renewals | Full call number | Barcode | Checked out | Date last seen | Date last checked out | Price effective from | Koha item type |
|---|---|---|---|---|---|---|---|---|---|---|---|---|---|---|---|---|---|---|---|
| Dewey Decimal Classification | Main TEST | RTC Library | RTC Library | Main opac | 20/05/2022 | 16384 | 1 | 2 | 294.3 WAR 2014 | 30015319 | 13/05/2026 | 24/11/2025 | 24/11/2025 | 20/05/2022 | Main |